| 000 | 01357nam a2200421 i 4500 | ||
|---|---|---|---|
| 001 | 39708 | ||
| 003 | KOSZ 005 | ||
| 005 | 20200217120434.0 | ||
| 008 | 010424s2001 pl a f f |001 0 pol | ||
| 015 | _aPB 2001/6956 | ||
| 020 | _a8320426049 | ||
| 035 | _a(OCoLC)749623125 | ||
| 040 |
_aWA N _cWA N _dKOSZ 005/HR |
||
| 041 | 0 | _apol | |
| 080 | _a004.4:510.5 | ||
| 080 | _a519.8 | ||
| 080 | _a575 | ||
| 080 | _a(075.8) | ||
| 100 | 1 |
_aArabas, Jarosław. _eAutor |
|
| 245 | 1 | 0 |
_aWykłady z algorytmów ewolucyjnych / _cJarosław Arabas ; il. Johna Tenniela. |
| 260 |
_aWarszawa : _bWydawnictwa Naukowo-Techniczne, _c2001. |
||
| 300 |
_a303, [1] s. : _bil. ; _c25 cm. |
||
| 380 | _aKsiążki. | ||
| 380 | _aPublikacje naukowe | ||
| 380 | _aPublikacje dydaktyczne | ||
| 385 |
_mPoziom nauczania _aSzkoły wyższe |
||
| 388 | _a2001- | ||
| 504 | _aBibliogr. - Indeks. | ||
| 521 | 8 | _aPodręcznik akademicki. | |
| 658 | _aMatematyka | ||
| 658 | _aInformatyka i technologie informacyjne | ||
| 655 | 4 | _aPodręczniki akademickie | |
| 650 | 4 | _aAlgorytmy genetyczne | |
| 700 | 1 |
_aTenniel, John _d(1820-1914). _eIlustracje |
|
| 710 | 2 |
_aWydawnictwa Naukowo-Techniczne _4pbl. |
|
| 856 |
_uhttp://koha.tu.koszalin.pl/cgi-bin/koha/opac-detail.pl?biblionumber=39708 _yKatalog online BPK |
||
| 942 |
_2UKD _cKS |
||
| 999 |
_c39708 _d39708 |
||